[Event "SERBIA CHESS OPEN 2021 - MASTERS"]
[Site "Belgrade, Hotel Metropol"]
[Date "2021.07.03"]
[Round "3.52"]
[White "Damljanovic, Branko"]
[Black "Sylvan, Jacob"]
[Result "1-0"]
[WhiteElo "2501"]
[BlackElo "2322"]
[PlyCount "71"]
[EventDate "2021.??.??"]

1. Nf3 c5 2. e4 d6 3. d4 cxd4 4. Nxd4 Nf6 5. Nc3 Nc6 6. Bg5 e6 7. Qd2 a6 8.
O-O-O Bd7 9. f4 Be7 10. Nf3 h6 11. Bxf6 gxf6 12. Kb1 b5 13. g3 Qb6 14. Bh3
O-O-O 15. Rhf1 Kb8 16. f5 b4 17. Na4 Qa5 18. fxe6 fxe6 19. b3 Na7 20. c4 Bc6
21. Qe3 Bxa4 22. bxa4 e5 23. Be6 Nc6 24. Nd2 Kc7 25. Nb3 Qxa4 26. Rd5 Nd4 27.
Nxd4 exd4 28. Qxd4 Qc6 29. Rd1 Qb6 30. Qb2 Qe3 31. Bf5 Rb8 32. c5 Rhd8 33.
cxd6+ Bxd6 34. R5d3 Qb6 35. Qxf6 Qc5 36. Rc1 1-0

[Event "SERBIA CHESS OPEN 2021 - MASTERS"]
[Site "Belgrade, Hotel Metropol"]
[Date "2021.07.03"]
[Round "3.53"]
[White "Dev, Shah"]
[Black "Blohberger, Felix"]
[Result "0-1"]
[WhiteElo "2270"]
[BlackElo "2490"]
[PlyCount "76"]
[EventDate "2021.??.??"]

1. d4 g6 2. c4 Bg7 3. Nf3 d6 4. g3 Nf6 5. Nc3 Bf5 6. Bg2 Ne4 7. Nh4 Nxc3 8.
bxc3 Bc8 9. O-O O-O 10. e4 c5 11. Be3 Nc6 12. f4 Qa5 13. Qd3 Qa3 14. Rfd1 Bg4
15. Bf3 Bxf3 16. Nxf3 Rac8 17. d5 Nb4 18. Bc1 Qxc3 19. Qxc3 Bxc3 20. Rb1 Rb8
21. Bb2 Bg7 22. Bxg7 Kxg7 23. Rb2 Na6 24. Rdb1 b6 25. Ne1 Nc7 26. a4 Rb7 27.
Nc2 e6 28. dxe6 fxe6 29. Ne3 Kf7 30. a5 Rfb8 31. Rd2 bxa5 32. Rxb7 Rxb7 33.
Rxd6 a4 34. Rd3 Ke7 35. Ra3 Rb3 36. Nc2 Rb1+ 37. Kf2 Rb2 38. Rc3 a3 0-1

[Event "SERBIA CHESS OPEN 2021 - MASTERS"]
[Site "Belgrade, Hotel Metropol"]
[Date "2021.07.03"]
[Round "3.54"]
[White "Sahin, Ozgun"]
[Black "Raja, Harshit"]
[Result "0-1"]
[WhiteElo "2269"]
[BlackElo "2484"]
[PlyCount "54"]
[EventDate "2021.??.??"]

1. e4 c5 2. Nf3 d6 3. d4 cxd4 4. Nxd4 Nf6 5. Nc3 a6 6. a3 Nc6 7. Bc4 e6 8. Bg5
Be7 9. Qd2 Bd7 10. Ba2 b5 11. O-O O-O 12. Rad1 Rc8 13. Nxc6 Bxc6 14. Qe2 Qb6
15. Rd3 a5 16. Rg3 Rfe8 17. Bh6 g6 18. e5 dxe5 19. Qxe5 b4 20. axb4 axb4 21.
Nd1 Bb5 22. Re1 Rxc2 23. Rf3 Rc5 24. Qd4 Rd8 25. Qxb4 Qa7 26. Be3 Rc1 27. Bxa7
Rdxd1 0-1

[Event "SERBIA CHESS OPEN 2021 - MASTERS"]
[Site "Belgrade, Hotel Metropol"]
[Date "2021.07.03"]
[Round "3.55"]
[White "Nestorovic, Nikola"]
[Black "Pasti, Aron"]
[Result "1-0"]
[WhiteElo "2477"]
[BlackElo "2318"]
[PlyCount "85"]
[EventDate "2021.??.??"]

1. e4 c5 2. Nf3 Nc6 3. d4 cxd4 4. Nxd4 e6 5. Nc3 Qc7 6. Be3 a6 7. a3 b5 8. Nxc6
Qxc6 9. Be2 Bb7 10. O-O Rc8 11. Bf4 Nf6 12. Bf3 Qc4 13. Re1 b4 14. axb4 Bxb4
15. Ra4 Bc6 16. Be2 Qc5 17. Be3 Qe7 18. Rxa6 Bxc3 19. bxc3 Nxe4 20. Qd4 O-O 21.
Rxc6 Rxc6 22. Qxe4 Rxc3 23. Bd3 f5 24. Qe5 Rcc8 25. Bd4 Qf6 26. Qd6 Qf7 27. Re3
Rc6 28. Qe5 Qf6 29. Qf4 Qe7 30. Qf3 Qh4 31. c3 Qd8 32. h4 Qe8 33. Qg3 Rf7 34.
f4 Rc8 35. h5 h6 36. Qe1 Kh8 37. Kh2 Ra8 38. Kh3 Qb8 39. Be5 Qb2 40. c4 Qb6 41.
Rg3 Ra3 42. Bxg7+ Kh7 43. Be5 1-0

[Event "SERBIA CHESS OPEN 2021 - MASTERS"]
[Site "Belgrade, Hotel Metropol"]
[Date "2021.07.03"]
[Round "3.56"]
[White "Masic, Predrag"]
[Black "Diermair, Andreas"]
[Result "0-1"]
[WhiteElo "2268"]
[BlackElo "2455"]
[PlyCount "54"]
[EventDate "2021.??.??"]

1. e4 c6 2. d4 d5 3. Nc3 dxe4 4. Nxe4 Nf6 5. Nxf6+ exf6 6. Bc4 Bd6 7. Qe2+ Be7
8. Be3 O-O 9. Nf3 Nd7 10. h3 Nb6 11. Bb3 a5 12. a4 Nd5 13. O-O Re8 14. Qd3 Be6
15. c4 Nb4 16. Qc3 Bd6 17. Rfe1 Qd7 18. Bd2 Bf5 19. Rxe8+ Rxe8 20. Re1 Be4 21.
Bd1 h6 22. Qb3 b6 23. Qc3 f5 24. Re2 Rd8 25. Ne5 Bxe5 26. dxe5 Na2 27. Qa3 Nc1
0-1

[Event "SERBIA CHESS OPEN 2021 - MASTERS"]
[Site "Belgrade, Hotel Metropol"]
[Date "2021.07.03"]
[Round "3.57"]
[White "Fernandez, Daniel"]
[Black "Kukelko, Alexey"]
[Result "1-0"]
[WhiteElo "2440"]
[BlackElo "2304"]
[PlyCount "91"]
[EventDate "2021.??.??"]

1. e4 c5 2. Nf3 d6 3. d4 cxd4 4. Nxd4 Nf6 5. Nc3 Nc6 6. Bg5 e6 7. Qd2 a6 8.
O-O-O Bd7 9. f4 b5 10. Bxf6 gxf6 11. Kb1 Qb6 12. Nce2 Rc8 13. h4 Rg8 14. g4
Rxg4 15. Bh3 Rg8 16. f5 Nxd4 17. Nxd4 e5 18. Ne6 Be7 19. Qh6 fxe6 20. fxe6 Bc6
21. Qxh7 Rf8 22. Rhg1 Qc5 23. Bf5 Kd8 24. h5 Rc7 25. h6 b4 26. Rg2 Kc8 27. Qf7
Kb7 28. h7 Rxf7 29. exf7 Bf8 30. h8=Q d5 31. exd5 Bxd5 32. Rgd2 Bxf7 33. Be4+
Ka7 34. b3 Qe7 35. Rd8 Be8 36. Ra8+ Kb6 37. Rb8+ Ka5 38. Qg8 Rc5 39. a3 Rb5 40.
axb4+ Qxb4 41. Rxe8 Bc5 42. Qd5 Qa3 43. Qd8+ Bb6 44. Qd2+ Rb4 45. Rb8 f5 46.
Qc3 1-0

[Event "SERBIA CHESS OPEN 2021 - MASTERS"]
[Site "Belgrade, Hotel Metropol"]
[Date "2021.07.03"]
[Round "3.58"]
[White "Nikolovski, Nikola"]
[Black "Sarenac, David"]
[Result "0-1"]
[WhiteElo "2438"]
[BlackElo "2289"]
[PlyCount "96"]
[EventDate "2021.??.??"]

1. e4 c5 2. Nc3 d6 3. f4 Nf6 4. Nf3 Nc6 5. Bb5 Bd7 6. O-O e6 7. d3 Be7 8. Bxc6
Bxc6 9. Qe1 O-O 10. h3 b5 11. a4 b4 12. Nd1 d5 13. e5 Nd7 14. Nf2 d4 15. Nd2
Nb6 16. b3 Nd5 17. Nde4 Qd7 18. Ng4 Kh8 19. Bd2 Rg8 20. Qf2 f5 21. exf6 gxf6
22. Nh6 Rg7 23. f5 e5 24. Rae1 Nc3 25. Bxc3 bxc3 26. Qe2 Bd5 27. Kh2 Qc6 28.
Qf3 a5 29. Re2 Ra6 30. Rfe1 Qa8 31. Qh5 Qf8 32. Rf2 Rb6 33. h4 Bc6 34. Qe2 Bd8
35. Kh3 Rd7 36. Ng4 h5 37. Nh2 Rh7 38. Rg1 Rbb7 39. g4 hxg4+ 40. Nxg4 Rbg7 41.
Rg3 Rxh4+ 42. Kg2 Qg8 43. Kf1 Bxe4 44. Rh2 Qh7 45. Qxe4 Rxh2 46. Qa8 Rh1+ 47.
Ke2 Rg8 48. Nf2 Qh5+ 0-1

[Event "SERBIA CHESS OPEN 2021 - MASTERS"]
[Site "Belgrade, Hotel Metropol"]
[Date "2021.07.03"]
[Round "3.59"]
[White "Jocev, Milan"]
[Black "Mohammad, Nubairshah Shaikh"]
[Result "1/2-1/2"]
[WhiteElo "2260"]
[BlackElo "2436"]
[PlyCount "100"]
[EventDate "2021.??.??"]

1. e4 g6 2. d4 Bg7 3. c4 d6 4. Nc3 Nf6 5. Nf3 O-O 6. Be2 Na6 7. O-O e5 8. Be3
c6 9. dxe5 dxe5 10. Qc2 Qe7 11. a3 Nh5 12. Rfe1 Nc5 13. Rad1 Nf4 14. Bxf4 exf4
15. e5 Bf5 16. Qd2 Bxe5 17. Nxe5 Qxe5 18. Bg4 Ne4 19. Nxe4 Bxg4 20. f3 Be6 21.
Qd4 Qxd4+ 22. Rxd4 Rad8 23. Red1 Rxd4 24. Rxd4 h6 25. Nc5 g5 26. Nxb7 Rb8 27.
Rd8+ Rxd8 28. Nxd8 Bxc4 29. Nxc6 a6 30. Nd4 Kg7 31. Kf2 Kf6 32. Ke1 Ke5 33. Ne2
f5 34. Kd2 h5 35. Ke1 Bd5 36. h4 g4 37. Kf2 Bc6 38. b4 Bb5 39. Ke1 Bc6 40. Kf2
Bb7 41. fxg4 hxg4 42. g3 fxg3+ 43. Kxg3 Bc6 44. h5 Be8 45. h6 Kf6 46. Kf4 Bd7
47. Nd4 Kg6 48. a4 Kxh6 49. b5 axb5 50. axb5 Bxb5 1/2-1/2

[Event "SERBIA CHESS OPEN 2021 - MASTERS"]
[Site "Belgrade, Hotel Metropol"]
[Date "2021.07.03"]
[Round "3.60"]
[White "Ratkovic, Milovan"]
[Black "Heinemann, Josefine"]
[Result "0-1"]
[WhiteElo "2433"]
[BlackElo "2285"]
[PlyCount "64"]
[EventDate "2021.??.??"]

1. d4 Nf6 2. Nc3 d5 3. Bf4 a6 4. e3 e6 5. g4 h6 6. h3 c5 7. Nge2 b5 8. Bg2 Bb7
9. Ng3 Nc6 10. h4 Bd6 11. Bxd6 Qxd6 12. g5 Nd7 13. Nce2 cxd4 14. exd4 Qb4+ 15.
Kf1 hxg5 16. hxg5 Rxh1+ 17. Bxh1 Qxb2 18. a4 b4 19. Nh5 a5 20. Rb1 Qa3 21. Rb3
Qxa4 22. Nxg7+ Kf8 23. Nh5 Ba6 24. g6 fxg6 25. Nhf4 Kf7 26. Kg1 g5 27. Nh3 Bxe2
28. Qxe2 Nxd4 29. Qh5+ Ke7 30. Rd3 Nf6 31. Qd1 Nxc2 32. Nxg5 Qa1 0-1

[Event "SERBIA CHESS OPEN 2021 - MASTERS"]
[Site "Belgrade, Hotel Metropol"]
[Date "2021.07.03"]
[Round "3.61"]
[White "Manakova, Maria"]
[Black "Pap, Misa"]
[Result "1-0"]
[WhiteElo "2254"]
[BlackElo "2431"]
[PlyCount "71"]
[EventDate "2021.??.??"]

1. e4 e5 2. Nf3 Nc6 3. Bc4 Nf6 4. d3 Bc5 5. O-O O-O 6. h3 d6 7. c3 a6 8. Bb3
Ba7 9. Re1 Ne7 10. Nbd2 Ng6 11. Nf1 Be6 12. Bc2 d5 13. Bd2 Qd6 14. N3h2 Rad8
15. Qf3 Nd7 16. g4 b5 17. Rad1 d4 18. Ng3 Nh4 19. Qe2 f6 20. Nf5 Nxf5 21. gxf5
Bf7 22. Kh1 Kh8 23. Rg1 Rg8 24. Bb3 Bxb3 25. axb3 dxc3 26. bxc3 Bb6 27. Rg4 Nf8
28. Bc1 Qc5 29. f4 Qxc3 30. Bb2 Qxb3 31. fxe5 fxe5 32. Bxe5 Bd4 33. Nf3 Bxe5
34. Nxe5 Re8 35. Qc2 Qxc2 36. Nf7# 1-0

[Event "SERBIA CHESS OPEN 2021 - MASTERS"]
[Site "Belgrade, Hotel Metropol"]
[Date "2021.07.03"]
[Round "3.62"]
[White "Sankalp, Gupta"]
[Black "Peycheva, Gergana"]
[Result "1/2-1/2"]
[WhiteElo "2429"]
[BlackElo "2280"]
[PlyCount "94"]
[EventDate "2021.??.??"]

1. d4 d5 2. Nf3 Nf6 3. Bg5 e6 4. e3 Be7 5. Nbd2 b6 6. Bd3 Bb7 7. Ne5 O-O 8. Qf3
c5 9. Qh3 Ne4 10. Bxe7 Qxe7 11. f3 Ng5 12. Qh5 f5 13. g4 c4 14. Be2 Nf7 15. f4
Nxe5 16. fxe5 f4 17. O-O Nc6 18. c3 fxe3 19. Nf3 Qf7 20. Qxf7+ Rxf7 21. Ng5 Re7
22. h4 h6 23. Nh3 Rf8 24. Rxf8+ Kxf8 25. Re1 Rf7 26. Bd1 Ne7 27. Bc2 Bc8 28.
Rxe3 g6 29. Kg2 Kg7 30. Re1 Bd7 31. Kg3 Rf8 32. Nf4 a6 33. Rf1 Kg8 34. Rf2 Kg7
35. Bd1 b5 36. Be2 a5 37. Bf1 Rb8 38. Bh3 Rb6 39. a3 Ra6 40. Kf3 Rb6 41. Ke3
Ra6 42. g5 h5 43. Nxe6+ Bxe6 44. Rf6 Nf5+ 45. Bxf5 gxf5 46. Kf4 Rc6 47. Rh6 Rb6
1/2-1/2

[Event "SERBIA CHESS OPEN 2021 - MASTERS"]
[Site "Belgrade, Hotel Metropol"]
[Date "2021.07.03"]
[Round "3.63"]
[White "Subelj, Jan"]
[Black "Beydullayeva, Govhar"]
[Result "1/2-1/2"]
[WhiteElo "2426"]
[BlackElo "2264"]
[PlyCount "120"]
[EventDate "2021.??.??"]

1. d4 Nf6 2. Nf3 e6 3. c4 b6 4. a3 Bb7 5. Nc3 d5 6. cxd5 Nxd5 7. Qc2 Be7 8. e4
Nxc3 9. bxc3 O-O 10. Bd3 c5 11. O-O Qc8 12. Qb1 Ba6 13. d5 Bxd3 14. Qxd3 c4 15.
Qc2 exd5 16. exd5 Nd7 17. Bf4 Bf6 18. Rad1 Nc5 19. Be5 Qd8 20. Rd4 b5 21. Qf5
Nd3 22. d6 Nxe5 23. Nxe5 Bxe5 24. Qxe5 Qd7 25. h4 Rfe8 26. Qd5 Rab8 27. Rb1 h6
28. Kh2 a6 29. a4 Re6 30. axb5 axb5 31. Qc5 Rd8 32. Rxb5 Rxd6 33. Qxd6 Qxd6+
34. Rxd6 Rxd6 35. Rc5 Rd2 36. f3 Rc2 37. Rxc4 h5 38. Kh3 Rf2 39. Rf4 Rc2 40. c4
Rc3 41. g4 hxg4+ 42. Kxg4 g6 43. h5 Kg7 44. hxg6 Kxg6 45. Rd4 Kf6 46. Rf4+ Kg6
47. Rd4 Kf6 48. f4 Ke6 49. f5+ Ke5 50. Rd5+ Kf6 51. Rc5 Rc1 52. Kf4 Rf1+ 53.
Ke4 Re1+ 54. Kd4 Rd1+ 55. Kc3 Rf1 56. Kb4 Rxf5 57. Rxf5+ Kxf5 58. Kb5 Ke6 59.
Kb6 Kd7 60. Kb7 Kd6 1/2-1/2

[Event "SERBIA CHESS OPEN 2021 - MASTERS"]
[Site "Belgrade, Hotel Metropol"]
[Date "2021.07.03"]
[Round "3.64"]
[White "Perunovic, Miodrag"]
[Black "Ratsma, Midas"]
[Result "1-0"]
[WhiteElo "2425"]
[BlackElo "2259"]
[PlyCount "65"]
[EventDate "2021.??.??"]

1. e4 c6 2. d4 d5 3. e5 Bf5 4. h4 h5 5. Bd3 Bxd3 6. Qxd3 Qa5+ 7. Nd2 e6 8. Ne2
Ne7 9. O-O Qa6 10. c4 c5 11. dxc5 Nbc6 12. Qc3 dxc4 13. Ne4 Ng6 14. Bg5 Ngxe5
15. Rad1 Qa5 16. Qg3 Bxc5 17. Nxc5 Qxc5 18. Be3 Qf8 19. Nc3 Rd8 20. Rxd8+ Kxd8
21. Nb5 Kc8 22. Rd1 Qe7 23. Nxa7+ Nxa7 24. Qxe5 Nc6 25. Qxg7 Rd8 26. Rc1 Qxh4
27. Qxf7 Qe4 28. Bb6 Rd7 29. Qxh5 Rd2 30. Qh8+ Kd7 31. Qg7+ Ne7 32. Bc5 Qh4 33.
g3 1-0

[Event "SERBIA CHESS OPEN 2021 - MASTERS"]
[Site "Belgrade, Hotel Metropol"]
[Date "2021.07.03"]
[Round "3.65"]
[White "Papakonstantinou, Dimitrios"]
[Black "Polschikov, Alexey"]
[Result "1/2-1/2"]
[WhiteElo "2251"]
[BlackElo "2420"]
[PlyCount "102"]
[EventDate "2021.??.??"]

1. e4 c5 2. Nf3 d6 3. d4 cxd4 4. Nxd4 Nf6 5. Nc3 a6 6. h3 e5 7. Nde2 b5 8. g4
b4 9. Nd5 Nxd5 10. Qxd5 Ra7 11. Be3 Be6 12. Qd2 Rb7 13. Bg2 Be7 14. O-O O-O 15.
c3 a5 16. cxb4 axb4 17. Rfc1 Nd7 18. Ng3 b3 19. a4 Nb6 20. Qd3 Nd7 21. Nf5 Nc5
22. Qd2 g6 23. Nxe7+ Qxe7 24. a5 Rbb8 25. f4 f6 26. f5 Bf7 27. g5 fxg5 28. Bxg5
Qb7 29. a6 Qb6 30. Be3 Ra8 31. a7 Kh8 32. Kh2 Rfe8 33. Bg5 Kg8 34. Rd1 Qb7 35.
Qe3 Rxa7 36. Rxa7 Qxa7 37. Rxd6 Qc7 38. Qd2 gxf5 39. exf5 e4 40. Bf4 Qc8 41. f6
Qf5 42. Bg3 e3 43. Qd4 e2 44. Rd8 Ne6 45. Rxe8+ Bxe8 46. Bd5 Bf7 47. Bxe6 Bxe6
48. Qh4 Kf7 49. Be1 Qe5+ 50. Kg1 Qf5 51. Kh2 Qe5+ 1/2-1/2

[Event "SERBIA CHESS OPEN 2021 - MASTERS"]
[Site "Belgrade, Hotel Metropol"]
[Date "2021.07.03"]
[Round "3.66"]
[White "Brilej, Jaka"]
[Black "Maksimovic, Bojan"]
[Result "0-1"]
[WhiteElo "2244"]
[BlackElo "2418"]
[PlyCount "92"]
[EventDate "2021.??.??"]

1. e4 c5 2. Nf3 d6 3. d4 cxd4 4. Nxd4 Nf6 5. Nc3 a6 6. f3 e5 7. Nb3 Be6 8. Be3
h5 9. Nd5 Bxd5 10. exd5 Nbd7 11. Qd2 g6 12. Be2 Bg7 13. O-O O-O 14. c4 b6 15.
h3 Qc7 16. Rac1 Rfe8 17. Na1 a5 18. Nc2 Nc5 19. Na3 Kh7 20. Nb5 Qd7 21. b3 Ng8
22. Bd3 Bh6 23. Bxh6 Nxh6 24. Bc2 Rac8 25. a3 Qe7 26. b4 Nd7 27. Ba4 Nf5 28.
Na7 Rc7 29. Nc6 Qh4 30. Rfe1 axb4 31. axb4 Ra8 32. Bb3 Nb8 33. Re4 Qf6 34. Nxb8
Rxb8 35. f4 Ng3 36. Ree1 exf4 37. Ba4 Rbb7 38. Bc6 Ra7 39. b5 Re7 40. c5 Rxe1+
41. Rxe1 Ra1 42. Kf2 Rxe1 43. Qxe1 Qd4+ 44. Kf3 Qd3+ 45. Kxf4 g5+ 46. Kxg5 Qf5+
0-1

[Event "SERBIA CHESS OPEN 2021 - MASTERS"]
[Site "Belgrade, Hotel Metropol"]
[Date "2021.07.03"]
[Round "3.67"]
[White "Milanovic, Danilo"]
[Black "Cvitan, Ena"]
[Result "1/2-1/2"]
[WhiteElo "2416"]
[BlackElo "2255"]
[PlyCount "100"]
[EventDate "2021.??.??"]

1. d4 d5 2. c4 e6 3. Nc3 Nf6 4. cxd5 exd5 5. Bg5 c6 6. e3 Be6 7. Bd3 Nbd7 8. f3
h6 9. Bh4 g5 10. Bf2 h5 11. Nge2 Nb6 12. h4 g4 13. f4 Nc8 14. f5 Bd7 15. Bg3
Bd6 16. Bxd6 Nxd6 17. Ng3 Qe7 18. Qe2 O-O-O 19. O-O-O Rhe8 20. Rde1 Qf8 21. Qf2
Qh6 22. Rhf1 Re7 23. Qf4 Qxf4 24. Rxf4 Rde8 25. Kd2 b6 26. b4 Kc7 27. Rff1 Kb7
28. Re2 Kc7 29. Rfe1 Bc8 30. Rc1 a6 31. a4 Kb7 32. a5 b5 33. Rf1 Kc7 34. Na2
Rd8 35. Nc1 Nc4+ 36. Bxc4 dxc4 37. Na2 Bb7 38. Kc1 Rde8 39. Rfe1 c5 40. bxc5
Ne4 41. Nxe4 Bxe4 42. Nb4 Kb7 43. Kd2 Bxf5 44. g3 Be4 45. Rc1 Re6 46. Rf2 f5
47. Rf4 Ka7 48. Rc3 Rd8 49. Rc1 Rde8 50. Rc3 Rd8 1/2-1/2

[Event "SERBIA CHESS OPEN 2021 - MASTERS"]
[Site "Belgrade, Hotel Metropol"]
[Date "2021.07.03"]
[Round "3.68"]
[White "Agibileg, Uurtsaikh"]
[Black "Eric, Jovana"]
[Result "1-0"]
[WhiteElo "2413"]
[BlackElo "2250"]
[PlyCount "71"]
[EventDate "2021.??.??"]

1. d4 Nf6 2. c4 g6 3. Nc3 Bg7 4. e4 d6 5. Be2 O-O 6. Nf3 e5 7. O-O Bg4 8. d5 a5
9. Be3 Na6 10. Rb1 b6 11. b3 Bd7 12. Nd2 Nc5 13. a3 h5 14. h3 Qe7 15. Qc2 Nh7
16. b4 Nb7 17. Nb3 a4 18. Nc1 Bf6 19. Nb5 Rfc8 20. c5 dxc5 21. bxc5 Nxc5 22.
Bxc5 bxc5 23. Nd3 c4 24. Qxc4 Bxb5 25. Rxb5 Qxa3 26. Rc5 Be7 27. Rc6 Bd6 28. f4
exf4 29. Qd4 Qa2 30. Bd1 Qd2 31. e5 Bxe5 32. Qxe5 Qxd3 33. Qxf4 Qxd5 34. Bf3
Qf5 35. Qc4 Ra5 36. Be4 1-0

[Event "SERBIA CHESS OPEN 2021 - MASTERS"]
[Site "Belgrade, Hotel Metropol"]
[Date "2021.07.03"]
[Round "3.69"]
[White "Nguyen, Piotr"]
[Black "Ivanovic, Marko"]
[Result "1-0"]
[WhiteElo "2411"]
[BlackElo "2245"]
[PlyCount "44"]
[EventDate "2021.??.??"]

1. c4 Nf6 2. g3 g6 3. Bg2 Bg7 4. Nc3 O-O 5. e4 e5 6. Nge2 Nc6 7. O-O d6 8. d3
a5 9. h3 Be6 10. Be3 Nd7 11. Qd2 Nc5 12. Rae1 Nb4 13. Nc1 Qd7 14. Kh2 f5 15.
exf5 Rxf5 16. f4 Rh5 17. h4 Bf5 18. Ne4 Nxe4 19. dxe4 Bg4 20. f5 gxf5 21. exf5
Rf8 22. Nb3 Bxf5 1-0

[Event "SERBIA CHESS OPEN 2021 - MASTERS"]
[Site "Belgrade, Hotel Metropol"]
[Date "2021.07.03"]
[Round "3.70"]
[White "Raja, Rithvik R"]
[Black "Gajcin, Marina"]
[Result "1-0"]
[WhiteElo "2408"]
[BlackElo "2243"]
[PlyCount "103"]
[EventDate "2021.??.??"]

1. c4 c5 2. Nf3 Nc6 3. d4 cxd4 4. Nxd4 Nf6 5. Nc3 e6 6. a3 Be7 7. e4 O-O 8. Nf3
d6 9. Be2 b6 10. O-O Bb7 11. Bf4 Rc8 12. Rc1 a6 13. b4 Ng4 14. Nd2 Nge5 15. Be3
Bf6 16. f4 Ng6 17. Nb3 a5 18. b5 Nb8 19. Qd3 Qc7 20. Na4 Nd7 21. Rfd1 Nc5 22.
Nbxc5 dxc5 23. Qd6 Bd4 24. Rxd4 cxd4 25. Qxc7 Rxc7 26. Bxd4 Nxf4 27. Bf1 Rd7
28. Be3 Nd3 29. Nxb6 Rdd8 30. Rc3 Bxe4 31. c5 Nb2 32. Rc1 Nd3 33. Rc4 f5 34. c6
Ne5 35. c7 Nxc4 36. cxd8=Q Rxd8 37. Nxc4 Rd1 38. Nb2 Ra1 39. a4 e5 40. Bd2 Kf7
41. Bxa5 Bd5 42. Bc3 Ke6 43. b6 e4 44. a5 Bb7 45. Nc4 Rc1 46. Bd2 Rc2 47. Bf4
Ra2 48. Nd6 Bd5 49. b7 Rb2 50. a6 e3 51. a7 Rb1 52. b8=Q 1-0

[Event "SERBIA CHESS OPEN 2021 - MASTERS"]
[Site "Belgrade, Hotel Metropol"]
[Date "2021.07.03"]
[Round "3.71"]
[White "Spiric, Igor"]
[Black "Savanovic, Aleksandar"]
[Result "0-1"]
[WhiteElo "2241"]
[BlackElo "2406"]
[PlyCount "78"]
[EventDate "2021.??.??"]

1. d4 d5 2. c4 e6 3. Nc3 Nf6 4. cxd5 exd5 5. Bg5 Be7 6. e3 O-O 7. Bd3 c6 8. Qc2
Nbd7 9. Nge2 Re8 10. f3 Nf8 11. O-O g6 12. h3 Ne6 13. Bh4 b5 14. a3 Bb7 15. Bf2
a6 16. b4 a5 17. Rab1 axb4 18. axb4 Nd7 19. f4 Nb6 20. g4 Nc4 21. Bxc4 bxc4 22.
e4 dxe4 23. Nxe4 Ra3 24. Nc5 Bc8 25. Nxe6 Bxe6 26. Nc3 Bh4 27. Rbc1 Bd5 28. Qd2
Be7 29. Rb1 Bf8 30. b5 cxb5 31. Rxb5 Bc6 32. Rfb1 Bxb5 33. Rxb5 Rb3 34. d5 Bg7
35. Rxb3 cxb3 36. Bd4 Bxd4+ 37. Qxd4 b2 38. Qd3 Qb6+ 39. Kg2 Re3 0-1

[Event "SERBIA CHESS OPEN 2021 - MASTERS"]
[Site "Belgrade, Hotel Metropol"]
[Date "2021.07.03"]
[Round "3.72"]
[White "Fus, Jakub"]
[Black "Antova, Gabriela"]
[Result "1-0"]
[WhiteElo "2403"]
[BlackElo "2241"]
[PlyCount "49"]
[EventDate "2021.??.??"]

1. e4 c5 2. Nf3 d6 3. c3 Nf6 4. h3 Nc6 5. Bd3 d5 6. e5 Nd7 7. Bb5 Qc7 8. d4 e6
9. O-O h6 10. Be2 Be7 11. Be3 b6 12. Ne1 a5 13. Na3 cxd4 14. cxd4 Bxa3 15. bxa3
Ba6 16. Bxa6 Rxa6 17. Qg4 g6 18. Qe2 Ra8 19. Nd3 Qb7 20. Rfc1 Rc8 21. g4 Ndb8
22. Rab1 Na6 23. Rc3 O-O 24. Rbc1 Kh7 25. Qf3 1-0

[Event "SERBIA CHESS OPEN 2021 - MASTERS"]
[Site "Belgrade, Hotel Metropol"]
[Date "2021.07.03"]
[Round "3.73"]
[White "Ravic, Nenad"]
[Black "Petkidis, Anthony"]
[Result "0-1"]
[WhiteElo "2235"]
[BlackElo "2401"]
[PlyCount "56"]
[EventDate "2021.??.??"]

1. e4 e5 2. d4 exd4 3. Qxd4 Nc6 4. Qe3 Nf6 5. Nc3 Bb4 6. Bd2 O-O 7. O-O-O Re8
8. Qg3 Nxe4 9. Nxe4 Rxe4 10. c3 Be7 11. Nf3 d6 12. h3 Ra4 13. Bd3 Ra5 14. c4
Rxa2 15. Kb1 Ra4 16. Ng5 Bxg5 17. Bxg5 Qf8 18. Rhe1 Be6 19. Qh4 h6 20. Re3 Ra5
21. Rg3 Rxg5 22. Rxg5 Kh8 23. f4 Qe7 24. Re1 Nb4 25. Be4 Re8 26. Rc1 Bd7 27.
Bf3 Bf5+ 28. Ka1 Qe3 0-1

[Event "SERBIA CHESS OPEN 2021 - MASTERS"]
[Site "Belgrade, Hotel Metropol"]
[Date "2021.07.03"]
[Round "3.74"]
[White "Perez Gormaz, Matias"]
[Black "Gombocz, Ferenc Jr"]
[Result "1-0"]
[WhiteElo "2400"]
[BlackElo "2236"]
[PlyCount "51"]
[EventDate "2021.??.??"]

1. d4 d5 2. c4 c6 3. Nf3 Nf6 4. g3 dxc4 5. Bg2 b5 6. O-O e6 7. b3 cxb3 8. axb3
Bb7 9. Qc2 Be7 10. Nc3 O-O 11. e4 a6 12. e5 Nfd7 13. Ne4 h6 14. Rd1 a5 15. Be3
f5 16. exf6 Nxf6 17. Nc5 Bc8 18. Ne5 Qe8 19. Re1 Bxc5 20. dxc5 Bb7 21. Bh3 Bc8
22. Ng6 Rf7 23. Bd4 Na6 24. Be5 Nb4 25. Qb1 Nbd5 26. Bg2 1-0

[Event "SERBIA CHESS OPEN 2021 - MASTERS"]
[Site "Belgrade, Hotel Metropol"]
[Date "2021.07.03"]
[Round "3.75"]
[White "Can, Isik"]
[Black "Thorsbro, Peter"]
[Result "1-0"]
[WhiteElo "2398"]
[BlackElo "2233"]
[PlyCount "23"]
[EventDate "2021.??.??"]

1. e4 e5 2. Nf3 Nc6 3. Bb5 a6 4. Bxc6 dxc6 5. O-O Bg4 6. h3 h5 7. d3 Qf6 8.
Nbd2 Ne7 9. Re1 Ng6 10. d4 Bd6 11. hxg4 hxg4 12. Nh2 1-0

[Event "SERBIA CHESS OPEN 2021 - MASTERS"]
[Site "Belgrade, Hotel Metropol"]
[Date "2021.07.03"]
[Round "3.76"]
[White "Miszler, Levente"]
[Black "Radovanovic, Nikola"]
[Result "1/2-1/2"]
[WhiteElo "2231"]
[BlackElo "2395"]
[PlyCount "40"]
[EventDate "2021.??.??"]

1. Nf3 g6 2. c4 Bg7 3. g3 e5 4. Nc3 Ne7 5. Bg2 O-O 6. O-O c6 7. d4 d6 8. e4 Na6
9. Be3 Qc7 10. Qd2 Bg4 11. Ne1 Rad8 12. Nc2 c5 13. dxe5 dxe5 14. Nd5 Qd6 15. b3
Bc8 16. Rad1 Nxd5 17. cxd5 Bd7 18. Rfe1 f5 19. f3 Rb8 20. Rc1 b5 1/2-1/2

[Event "SERBIA CHESS OPEN 2021 - MASTERS"]
[Site "Belgrade, Hotel Metropol"]
[Date "2021.07.03"]
[Round "3.77"]
[White "Salimova, Nurgyul"]
[Black "Spasic, Petar"]
[Result "1-0"]
[WhiteElo "2395"]
[BlackElo "2227"]
[PlyCount "91"]
[EventDate "2021.??.??"]

1. Nf3 c5 2. e3 d5 3. b3 Nf6 4. Bb2 Nc6 5. Bb5 Bd7 6. O-O e6 7. d4 cxd4 8. exd4
Bd6 9. Nbd2 Qc7 10. a3 g5 11. Re1 h5 12. c4 a6 13. cxd5 Nxd5 14. Bc4 O-O-O 15.
Ne4 Be7 16. Rc1 g4 17. Ne5 Nxe5 18. dxe5 Bc6 19. Nd6+ Kb8 20. Bxd5 exd5 21.
Nxf7 Bxa3 22. Nxd8 Bxb2 23. Nxc6+ bxc6 24. Rc2 Bxe5 25. g3 Kb7 26. Qe2 Bd4 27.
Qd3 Bb6 28. Re6 Rf8 29. Qg6 Qf7 30. Qxf7+ Rxf7 31. Re5 d4 32. Kf1 c5 33. Rxh5
Rf3 34. Rb2 Kc6 35. Rg5 Kb5 36. b4 Kc4 37. bxc5 Bd8 38. Rxg4 Kxc5 39. Rc2+ Kd5
40. Rd2 Bb6 41. Rg6 Rb3 42. h4 a5 43. h5 Bc7 44. Rg5+ Ke4 45. Rg4+ Kf5 46.
Rgxd4 1-0

[Event "SERBIA CHESS OPEN 2021 - MASTERS"]
[Site "Belgrade, Hotel Metropol"]
[Date "2021.07.03"]
[Round "3.78"]
[White "Mullick, Raahil"]
[Black "Varshini, V."]
[Result "1/2-1/2"]
[WhiteElo "2386"]
[BlackElo "2226"]
[PlyCount "89"]
[EventDate "2021.??.??"]

1. e4 c5 2. Nf3 d6 3. d4 cxd4 4. Nxd4 Nf6 5. Nc3 a6 6. Be3 e5 7. Nb3 Be6 8. f3
Be7 9. Qd2 Nbd7 10. O-O-O O-O 11. g4 b5 12. g5 Nh5 13. Nd5 Bxd5 14. exd5 f5 15.
gxf6 Bxf6 16. Na5 Nf4 17. Nc6 Qc7 18. c4 bxc4 19. Bxc4 Nb6 20. Qa5 Bd8 21. Bb3
Ng2 22. Qd2 Nxe3 23. Qxe3 a5 24. Rhg1 Nd7 25. Rg2 Rf4 26. Rdg1 Bf6 27. Bc2 Qb6
28. Qd3 e4 29. fxe4 Qxb2+ 30. Kd1 Ne5 31. Qb3 Qxb3 32. axb3 Nxc6 33. dxc6 Rc8
34. Bd3 Rxc6 35. Rf1 Rxf1+ 36. Bxf1 Kf8 37. Rc2 Bc3 38. Bc4 Be5 39. h3 Ke7 40.
Bd5 Rxc2 41. Kxc2 Kf6 42. Kd3 Kg5 43. Kc4 Kf4 44. Kd3 Kf3 45. Be6 1/2-1/2